Statistiques concernant Devinez le Pays Mystère #107

Cliquez ici pour prendre le quiz!

Statistiques générales

  • Ce quiz a été pris 261 fois
  • Le résultat moyen est 12 sur 17

Statistiques - réponses

Type de RéponseRéponse% Correct
Lettre TrouvéeA
98%
Lettre TrouvéeN
89%
Lettre TrouvéeO
88%
Lettre TrouvéeR
88%
Lettre TrouvéeU
87%
Lettre Bien PlacéeO
84%
Lettre Bien PlacéeA
76%
Lettre TrouvéeD
71%
Lettre Bien PlacéeN
71%
Lettre TrouvéeS
71%
Lettre Bien PlacéeU
68%
Lettre Bien PlacéeD
59%
Lettre Bien PlacéeR
58%
Lettre TrouvéeH
57%
Lettre Bien PlacéeH
55%
Pays MystèreHonduras
55%
Lettre Bien PlacéeS
55%

Distribution des résultats

Percentile par nombre de réponses

% des personnes avec chaque résultat

Votre développement - résultats

Vous n’avez pas pris ce quiz